Избранные произведения: В 2 т. : Пер. с швед.; Том 1; Красная комната. Жители острова Хемсё; Новеллы; Франт. Муки совести. Любовь и хлеб. Исполнение долга. кукольный дом. Поединок. Осень; Пьесы; Отец. Предисловие к "Фрёкен Жюли". Фрёкен Жюли

Bibliographic Details
Main Author: Стриндберг А. Август
Language:Russian
Published: Москва, Художественная литература, 1986
TOC:Красная комната. Жители острова Хемсё;
Новеллы;
Франт. Муки совести. Любовь и хлеб. Исполнение долга. кукольный дом. Поединок. Осень;
Пьесы;
Отец. Предисловие к "Фрёкен Жюли". Фрёкен Жюли;
Subjects:
Format: Book
KOHA link:https://koha.lib.tpu.ru/cgi-bin/koha/opac-detail.pl?biblionumber=115145

MARC

LEADER 00000nam0a2200000 4500
001 115145
005 20231031122458.0
020 |a RU  |b 86-19777 
035 |a (RuTPU)RU\TPU\book\124528 
090 |a 115145 
100 |a 20070503d1986 m y0rusy5003 ca 
101 1 |a rus  |c swe 
102 |a RU 
105 |a a z 001ay 
200 1 |a Избранные произведения  |e В 2 т. : Пер. с швед.  |h Том 1  |f А. Стриндберг 
210 |a Москва  |c Художественная литература  |d 1986 
215 |d 22 см  |a 527 с.  |c ил. 
320 |a Комментарии: с. 420-430. 
464 |t Красная комната. Жители острова Хемсё  |o романы 
464 |t Новеллы 
464 |t Франт. Муки совести. Любовь и хлеб. Исполнение долга. кукольный дом. Поединок. Осень 
464 |t Пьесы 
464 |t Отец. Предисловие к "Фрёкен Жюли". Фрёкен Жюли 
610 1 |a шведская литература 
610 1 |a романы 
610 1 |a новеллы 
610 1 |a пьесы 
675 |a 89  |z rus  |v 3 
700 1 |a Стриндберг  |b А.  |g Август  |4 070 
801 0 |a RU  |b RuMRKP  |c 19950704  |g psbo 
801 1 |a RU  |b 63413507  |c 20070503  |g PSBO 
801 2 |a RU  |b 63413507  |c 20070503  |g PSBO 
942 |c BK